Polyfunkčná architektúra v Saint Denis, Paríž

Guardado en:
Detalles Bibliográficos
Autor principal: Tafernerová, Juliana (Autor)
Otros Autores: Hlaváček, Michal (Orientador)
Formato: Manuscrito Libro
Lenguaje:eslovaco
Publicado: 2021
Materias:
Acceso en línea:http://is.stuba.sk/zp/portal_zp.pl?podrobnosti=164911
https://opac.crzp.sk/?fn=detailBiblioForm&sid=7E417B54B864B7C45220FB4635AB
Etiquetas: Agregar Etiqueta
Sin Etiquetas, Sea el primero en etiquetar este registro!

MARC

LEADER 00000ntm a22000003a 4500
001 stuzp83862
003 SK-STU
005 20230516083121.6
007 ta
008 150427s2015----xo-----f-mn---000-0-slo-d
040 |a STU  |b slo 
041 0 |a slo 
100 1 |a Tafernerová, Juliana  |u 010310  |4 aut  |U SvF Stavebná fakulta  |T SvF Katedra architektúry  |X 75763  |U V181|V310  |Y 19  |7 75763 
242 0 1 |a Polyfunctional architecture Saint Denis, Paris  |y eng 
245 1 0 |a Polyfunkčná architektúra v Saint Denis, Paríž 
260 |c 2021 
650 4 |a Zelená architektúra  |2 slo 
650 4 |a Polyfunkcia  |2 slo 
650 4 |a Terasový dom  |2 slo 
650 4 |a Green architecture  |2 eng 
650 4 |a Polyfunctional architecture  |2 eng 
650 4 |a Terraced house  |2 eng 
700 1 |a Hlaváček, Michal  |u 010310  |k Z1  |4 ths  |U SvF Stavebná fakulta  |T SvF Katedra architektúry  |X 99472  |U V181|V310  |Y 19  |7 99472 
856 4 |u http://is.stuba.sk/zp/portal_zp.pl?podrobnosti=164911 
856 4 |u https://opac.crzp.sk/?fn=detailBiblioForm&sid=7E417B54B864B7C45220FB4635AB